A dictionary of Indian mythology / (Record no. 1848488)

MARC details
000 -LEADER
fixed length control field 00520cam a2200193 a 4500
003 - CONTROL NUMBER IDENTIFIER
control field OSt
005 - DATE AND TIME OF LATEST TRANSACTION
control field 20260424105358.0
008 - FIXED-LENGTH DATA ELEMENTS--GENERAL INFORMATION
fixed length control field 010717s2001 ii bd 001 0 eng
020 ## - INTERNATIONAL STANDARD BOOK NUMBER
International Standard Book Number 8121508622
040 ## - CATALOGING SOURCE
Transcribing agency HDL
041 ## - LANGUAGE CODE
Language code of text/sound track or separate title eng
082 00 - DEWEY DECIMAL CLASSIFICATION NUMBER
Classification number 294.5 P1
245 12 - TITLE STATEMENT
Title A dictionary of Indian mythology /
Statement of responsibility, etc. Narendra Nath Bhattacharyya.
260 ## - PUBLICATION, DISTRIBUTION, ETC.
Place of publication, distribution, etc. New Delhi :
Name of publisher, distributor, etc. Munshiram Manoharlal Publishers,
Date of publication, distribution, etc. 2001.
300 ## - PHYSICAL DESCRIPTION
Extent xxxiii, 326 p.
651 ## - SUBJECT ADDED ENTRY--GEOGRAPHIC NAME
Source of heading or term Mythology
Geographic name India
942 ## - ADDED ENTRY ELEMENTS (KOHA)
Source of classification or shelving scheme Colon Classification (CC)
Koha item type Textual
Suppress in OPAC No
Holdings
Withdrawn status Lost status Source of classification or shelving scheme Damaged status Not for loan Home library Current library Date acquired Total Checkouts Date last seen Price effective from Koha item type
    Colon Classification (CC)     Department of History Library Department of History Library 2026-04-24   2026-04-24 2026-04-24 Textual
Copyright @ Delhi University Library System